Serigrafía Industrial y en Artes Gráficas : (Record no. 8192)

MARC details
000 -LEADER
campo de control de longitud fija 00397nam a2200133Ia 4500
005 - FECHA Y HORA DE LA ÚLTIMA TRANSACCIÓN
campo de control 20260326235506.0
008 - DATOS DE LONGITUD FIJA--INFORMACIÓN GENERAL
campo de control de longitud fija 260326s9999||||xx |||||||||||||| ||und||
100 ## - ENTRADA PRINCIPAL--NOMBRE DE PERSONA
Nombre de persona Nielsen, Ross G.
245 #0 - MENCIÓN DEL TÍTULO
Título Serigrafía Industrial y en Artes Gráficas :
Resto del título Silk Screen - Planografía - Tamiz Seda /
Mención de responsabilidad, etc. Ross G. Nielsen
260 ## - PUBLICACIÓN, DISTRIBUCIÓN, ETC.
Nombre del editor, distribuidor, etc. Las Ediciones de Arte
300 ## - DESCRIPCIÓN FÍSICA
Extensión 247 p.
650 ## - PUNTO DE ACCESO ADICIONAL DE MATERIA--TÉRMINO DE MATERIA
Término de materia o nombre geográfico como elemento de entrada MARKETING
942 ## - ELEMENTOS DE ENTRADA SECUNDARIOS (KOHA)
Tipo de ítem Koha Libros
Holdings
Estatus retirado Estado de pérdida Estado de daño No para préstamo Colección Biblioteca de origen Biblioteca actual Ubicación en estantería Fecha de adquisición Fuente de adquisición Número de inventario Total de préstamos Signatura topográfica completa Código de barras Visto por última vez Copia número Precio de reemplazo Tipo de ítem Koha
        General Biblioteca Gonzalo Peláez Caldas Biblioteca Gonzalo Peláez Caldas Colección general 27/03/2026 Compra 1987   760.12 N 5541 1987 27/03/2026 1 27/03/2026 Libros